000
00361nam a22001217a 4500
040
_c
HS
082
_a
634
100
_a
NA
245
_a
គោលការណ៍ណែនាំសម្រាប់គ្រប់គ្រងព្រៃឈើប្រកបដោយនិរន្តរភាព
260
_a
Cambodia
_b
NA
_c
NA
300
_a
122p;
942
_c
KB
999
_c
9286
_d
9286